Judex perfectus, seu, De judice perfecto Christo Jesu domino nostro unice perfecto, vivorum et mortuorum judici dicatus

Detalles Bibliográficos
Autor principal: Alvarez de Velasco, Gabriel fl. 1650
Formato: Libro
Lenguaje:Spanish
Publicado: Laussonii & Coloniae Allobrogum 1740
Edición:Editio secunda
Materias:
Colección:Banco de datos
Acervo:Biblioteca Armando Olivares Carrillo de la Universidad de Guanajuato. Fondo Conventos
Descripción Física:[10] h., 324 p., [25] h. f°
Tema general:Derecho eclesiástico
Notas:Marca de fuego: Convento de san Francisco de Salamanca, Gto.
Daños de oxidación y hongos
LEADER 01040nam a22002170004500
035 |a 1019 
041 0 |a spa 
050 4 |a BR115.L28 
100 1 |a Alvarez de Velasco, Gabriel  |d fl. 1650 
245 1 0 |a Judex perfectus, seu, De judice perfecto Christo Jesu domino nostro unice perfecto, vivorum et mortuorum judici dicatus  |c D. Gabrielis Alvarez de Velasco vallisoletani, regiae sanctae fidei cancellariae, novi granatensis regni senatoris 
250 |a Editio secunda 
260 |a Laussonii & Coloniae Allobrogum  |b sumptibus Marci-Michaelis Bousquet & sociorum  |c 1740 
300 |a [10] h., 324 p., [25] h.  |c f° 
500 |a Marca de fuego: Convento de san Francisco de Salamanca, Gto. 
500 |a Daños de oxidación y hongos  
650 1 0 |a Derecho eclesiástico 
740 0 |a De judice perfecto Christo Jesu domino nostro unice perfecto, vivorum et mortuorum judici dicatus 
949 |a CO. 2305 
942 |c GUANAJUATO 
943 |g Biblioteca Armando Olivares Carrillo de la Universidad de Guanajuato. Fondo Conventos 
999 |c 1144976  |d 1144976